video game by logo - Statistics

General Stats
  • This quiz has been taken 151 times
  • The average score is 11 of 16
Answer Stats
Picture Answer % Correct
Minecraft
96%
Spider-Man
95%
Grand Theft Auto 5
94%
Legend Of Zelda
93%
Fallout
89%
Mortal Kombat
87%
Assassin's Creed
78%
Skyrim
78%
Gears Of War
65%
Destiny
63%
God of war
60%
Black Ops 4
55%
Resident Evil
43%
Ghost Of Tsushima
32%
The Last Of Us
31%
Helldivers
26%
No matching quizzes found
Score Distribution
Percent of People with Each Score
Percentile by Number Answered
Your Score History
You have not taken this quiz